00870nam a2200193Ia 4500008004100000020001800041082001900059100001800078245011800096250001700214260003200231300001100263440010400274500006000378650009500438700003300533952009300566999001700659120622s9999 xx 000 0 und d a84-255-0395-7 a658.4092 H151d aHaimann, Theo aDirección y gerencia : la direccion de empresas como actividad profesional / por Theo Haiman y William G, Scott a3 / renovada aBarcelona : Hispano Europea a840 p. aBiblioteca de dirección, organización y administración de empresas. Técnicas de dirección aTitulo original : Management in the modern organization a1. EJECUTIVOS \ 2. DIRECTORES DE CAMPAÑAS \ 3. ADMINISTRACION DE EMPRESAS \ 4. LIDERAZGO aScott, William G., coaut.Ì 00104070a01b01d2007-01-25l0o658.4092 H151Dp01 000860r2012-06-24w2012-06-24yLB c57784d57784